• 首页
  • 本馆介绍
  • 公告通知
  • 最新文献
  • 馆藏检索
  • 电子资源
  • 读者荐购
  • 参考咨询
  • CALIS
  • 我的图书馆
  • 登录
  • 详细信息显示
  • 放入我的书架
  • 预约/预借图书
  • 作者相关作品
  • 分类相关作品
  • 丛书相关作品
  • 出版社相关作品

书目信息

  • 表格格式
  • 工作单格式
  • 卡片格式
题名:
巴兹与宾戈历险记:童话森林
    
 
作者: 艾伦·杜兰特 著 ;肖尔托·沃克 绘
分册: 1   九级
出版信息: 北京   外语教学与研究出版社  2016.06
页数: 23页
开本: 20cm
丛书名:
单 册:
中图分类: H319
科图分类:
主题词: 英语
电子资源:
ISBN: 978-7-5135-7602-4
 
 
 
 
 
000 00897nam0 2200253 450
001 2654632966
005 20260626151210.07
010    @a978-7-5135-7602-4
100    @a20260625d2016 km y0chiy0120 ea
101 0  @achi
102    @aCN@b110000
200 1  @a巴兹与宾戈历险记:童话森林@ABa Zi Yu Bin Ge Li Xian Ji:Tong Hua Sen Lin@e大猫英语分级阅读@h1@i九级@f(英)艾伦·杜兰特著;(英)肖尔托·沃克绘@F(Ying)Ai Lun·Du Lan Te Zhu;(Ying)Xiao Er Tuo·Wo Ke Hui
210    @a北京@c外语教学与研究出版社@d2016.06
215    @a23页@d20cm
300    @a适合小学六年级、初一
503    @n河南城建学院图书馆
517 1  @a大猫英语分级阅读@ADa Mao Ying Yu Fen Ji Yue Du
517 1  @a九级@AJiu Ji
606 0  @a英语
690    @aH319@v4
701  0 @a艾伦·杜兰特@AAi Lun·Du Lan Te@4著
702  0 @a肖尔托·沃克@AXiao Er Tuo·Wo Ke@4绘
801  0 @aCN@b河南城建学院图书馆@c20260625
905    @dH319@eA360:9:1
    
    巴兹与宾戈历险记:童话森林:大猫英语分级阅读.1.九级/(英)艾伦·杜兰特著;(英)肖尔托·沃克绘.-北京:外语教学与研究出版社,2016.06
    23页;20cm
    适合小学六年级、初一
    
    ISBN 978-7-5135-7602-4:
    
●
相关链接 在E读中查询图书 在当当中查询图书 在豆瓣中查询图书


正题名:巴兹与宾戈历险记:童话森林     索取号:H319/A360:9:1         预约/预借

序号 登录号 条形码 馆藏地/架位号 状态 备注
1 1557305   215573056   外国语学院资料室/ [索取号:H319/A360:9:1] 在馆    
河南城建学院图书馆 欢迎您!
大连网信软件有限公司© 版权所有